000 00686nam a22001817a 4500
003 UA-OsUOA
001 9729
007 ta
008 20041130b un ||||| |||| 00| 0 ukr d
100 _aБраніцький О.
942 _cSA
040 _aUA-OsUOA
_cUA-OsUOA
_dUA-OsUOA
245 _aТенденції законодавчого закріплення правового становища спеціалістів сільського господарства
_cО. Браніцький; О. Шем'яков, І. Хохлова
300 _aС.70-75
955 _a0
773 0 _w0
_tПраво України
_dКиїв
_d2004
_gN11
650 7 _aТрудове право
_2UDC
999 _c295890
_d295890